000 01083nam0a22002531 4500
001 rc\400225
005 20030616165710.7
035 _a(NLR Aleph) 005649085
090 _a6751702
_c6751702
100 _a20030616d1989 u |0rusy50 ca
101 0 _arus
102 _aRU
105 _aa |||||||||
200 1 _aАктуальные вопросы организационно-психологического обеспечения работы с кадрами
_eТемат. сб. науч. тр.
_fМоск. ин-т управления им. Серго Орджоникидзе
_gПод ред. А.В. Филиппова
210 _aМ.
_cМИУ
_d1989
215 _a153 с., [3] л. схем.
_d20
320 _aБиблиогр. в конце ст.
702 1 _aФилиппов
_bА. В.
_gАльберт Владимирович
_4340
712 0 2 _aМосковский ин-т управления им. С. Орджоникидзе
_3RU\NLR\AUTH\889968408
801 0 _aRU
_bNLR
_gpsbo
801 1 _aRU
_bELAR
_2rusmarc
852 _aNLR
_j89-3/13553
942 _cBOOK
980 _aNB